| 000 | nam a22 a 4500 | ||
|---|---|---|---|
| 999 |
_c2644 _d2644 |
||
| 003 | AKMAL | ||
| 005 | 20170517124144.0 | ||
| 008 | 170517s1993 cc a e 001 0 eng d | ||
| 020 |
_a7119002406 : _cRM360.00 |
||
| 040 |
_aAKMAL _cAKMAL |
||
| 082 | 0 | 4 |
_a615.892 ESS _221 |
| 090 | 0 | 0 |
_a615.892 _bESS |
| 245 | 0 | 0 |
_aEssentials of Chinese acupuncture / _ccompiled by Beijing College of Traditional Chinese Medicine ... [et al.] |
| 250 | _a2nd ed. | ||
| 260 |
_aBeijing : _bForeign Languages Press, _c1993 |
||
| 300 |
_axiii, 432p. : _bill. ; _c27cm |
||
| 500 | _aIncludes index | ||
| 650 | 1 | 0 |
_aAcupuncture _95513 |
| 710 | 2 |
_aBeijing College of Traditional Chinese Medicine _95529 |
|
| 942 |
_2ddc _cBOOK |
||